<?xml version="1.0" encoding="UTF-8"?>
<marc:record xmlns:marc="http://www.loc.gov/MARC21/slim">
   <marc:leader>00000nam a2200000 a 4500</marc:leader>
   <marc:datafield ind1=" " ind2=" " tag="653">
      <marc:subfield code="a">ab 12</marc:subfield>
   </marc:datafield>
   <marc:datafield ind1=" " ind2=" " tag="653">
      <marc:subfield code="a">Drama</marc:subfield>
   </marc:datafield>
   <marc:datafield ind1=" " ind2=" " tag="653">
      <marc:subfield code="a">DVD</marc:subfield>
   </marc:datafield>
   <marc:datafield ind1=" " ind2=" " tag="653">
      <marc:subfield code="a">Audiodeskription</marc:subfield>
   </marc:datafield>
   <marc:datafield ind1="0" ind2="0" tag="245">
      <marc:subfield code="a">Hin und weg</marc:subfield>
   </marc:datafield>
   <marc:datafield ind1=" " ind2="1" tag="264">
      <marc:subfield code="b">Hoanzl</marc:subfield>
      <marc:subfield code="c">2015</marc:subfield>
   </marc:datafield>
   <marc:datafield ind1="1" ind2=" " tag="490">
      <marc:subfield code="a">edition Filmladen</marc:subfield>
   </marc:datafield>
   <marc:datafield ind1="1" ind2=" " tag="520">
      <marc:subfield code="a">Ausgerechnet Belgien! Was soll es dort schon geben? außer Pommes und Pralinen? Doch Hannes und seine Frau Kiki bestimmen in diesem Jahr, wohin die jährliche Radtour mit ihren engsten Freunden gehen soll. Also startet die Gruppe voller Abenteuerlust, denn alles was zählt, ist schließlich die Zeit miteinander. Erst unterwegs erfahren die Freunde, dass Hannes an einer unheilbaren Krankheit leidet. Diese Reise soll seine letzte sein. Die Gruppe reagiert zunächst geschockt und ratlos, doch dann beginnt eine wilde, einzigartige Tour; denn durch Hannes erkennen die Freunde, wie kostbar das Leben wirklich ist. Mit einer Liste von Dingen, die noch erlebt werden wollen, und dem Gefühl, dass nach dieser Reise nichts mehr so sein wird wie es einmal war, feiern sie das Leben wie nie zuvor.</marc:subfield>
   </marc:datafield>
</marc:record>
